书目信息 |
| 题名: |
《老子》研究新编
|
|
| 作者: | 李尔重 著 | |
| 分册: | ||
| 出版信息: | 武汉 华中科技大学出版社 2003 |
|
| 页数: | 396页 | |
| 开本: | 20cm | |
| 丛书名: | ||
| 单 册: | ||
| 中图分类: | B223.1 | |
| 科图分类: | ||
| 主题词: | 道家--研究 , 道家 | |
| 电子资源: | ||
| ISBN: | 7-5609-2947-8 | |
| 000 | 00866nam0 2200253 450 | |
| 001 | 070024618730 | |
| 005 | 20050927145512.65 | |
| 010 | @a7-5609-2947-8@dCNY24.80 | |
| 100 | @a20050122d2003 ekmy0chiy0120 ea | |
| 101 | 0 | @achi |
| 102 | @aCN@b420000 | |
| 105 | @ay z 000yy | |
| 200 | 1 | @a《老子》研究新编@9《 lao zi 》 yan jiu xin bian@f李尔重著@Fli er zhong zhu |
| 210 | @a武汉@c华中科技大学出版社@d2003 | |
| 215 | @a396页@d20cm | |
| 330 | @a本书收入作者研究《老子》的三组作品:上编集中研究了郭店《老子》与六种重要传世本《老子》的异同;中编收入作者对《老子》研究的新收获,从哲学内容、社会观等方面进行了探索;下编是对老子与先秦诸子的比较研究。 | |
| 605 | @a老子@x研究 | |
| 605 | @a老子 | |
| 606 | 0 | @a道家@x研究 |
| 606 | 0 | @a道家 |
| 690 | @aB223.1@v4 | |
| 701 | 0 | @a李尔重@Ali er zhong@4著 |
| 801 | 0 | @aCN@bTSSF@c20050927 |
| 905 | @a10447@dB223.1@e230 | |
| 《老子》研究新编/李尔重著.-武汉:华中科技大学出版社,2003 |
| 396页;20cm |
| ISBN 7-5609-2947-8:CNY24.80 |
| 本书收入作者研究《老子》的三组作品:上编集中研究了郭店《老子》与六种重要传世本《老子》的异同;中编收入作者对《老子》研究的新收获,从哲学内容、社会观等方面进行了探索;下编是对老子与先秦诸子的比较研究。 |
| ● |
| 相关链接 |
|
|
|
|
正题名:《老子》研究新编
索取号:B223.1/230
 
预约/预借
| 序号 | 登录号 | 条形码 | 馆藏地/架位号 | 状态 | 备注 |
| 1 | 0363939 | 3639398 | 第一样本阅览室/ [索取号:B223.1/230] | 在馆 | |
| 2 | 0363940 | 3639405 | 第一借阅区/ [索取号:B223.1/230] | 在馆 | |
| 3 | 0363941 | 3639414 | 第一借阅区/ [索取号:B223.1/230] | 在馆 | |
| 4 | 0363942 | 3639423 | 第一借阅区/ [索取号:B223.1/230] | 在馆 | |
| 5 | 0363943 | 3639432 | 第一借阅区/ [索取号:B223.1/230] | 在馆 |